[Event "C18"]
[Site "?"]
[Date "2016.08.10"]
[Round "19.2"]
[White "Niekras, Dawid"]
[Black "Kanicki, Krzysztof"]
[Result "1/2-1/2"]
[LiveChessVersion "1.4.8"]
[BlackElo "2067"]
[WhiteElo "2157"]

1. e4 {[%clk 0:03:03]} c5 {[%clk 0:03:03]} 2. Nf3 {[%clk 0:03:04]} Nc6
{[%clk 0:03:05]} 3. d4 {[%clk 0:03:05]} cxd4 {[%clk 0:03:06]} 4. Nxd4
{[%clk 0:03:06]} Nf6 {[%clk 0:03:07]} 5. Nc3 d6 6. Bc4 {[%clk 0:03:08]} Qb6
{[%clk 0:03:09]} 7. Nxc6 {[%clk 0:03:09]} bxc6 {[%clk 0:03:10]} 8. O-O
{[%clk 0:03:09]} g6 {[%clk 0:03:11]} 9. Qe1 {[%clk 0:03:10]} Qc5 {[%clk 0:02:32]}
10. Bb3 {[%clk 0:02:37]} Bg7 {[%clk 0:02:31]} 11. Be3 {[%clk 0:01:47]} Qh5
{[%clk 0:02:31]} 12. f3 {[%clk 0:01:47]} O-O {[%clk 0:02:24]} 13. Rd1
{[%clk 0:01:33]} Nd7 {[%clk 0:01:15]} 14. h3 {[%clk 0:01:03]} Ba6
{[%clk 0:01:06]} 15. Rf2 {[%clk 0:00:38]} Ne5 {[%clk 0:01:07]} 16. Ne2
{[%clk 0:00:33]} Nc4 {[%clk 0:00:49]} 17. Bxc4 {[%clk 0:00:34]} Bxc4
{[%clk 0:00:51]} 18. b3 {[%clk 0:00:36]} Be6 {[%clk 0:00:46]} 19. Nf4
{[%clk 0:00:35]} Qe5 {[%clk 0:00:40]} 20. Nxe6 {[%clk 0:00:31]} Qxe6
{[%clk 0:00:28]} 21. Bd4 {[%clk 0:00:32]} Bxd4 {[%clk 0:00:16]} 22. Rxd4
{[%clk 0:00:33]} Rfb8 {[%clk 0:00:17]} 23. Qc3 {[%clk 0:00:24]} Rb6
{[%clk 0:00:14]} 24. a4 {[%clk 0:00:22]} Rab8 {[%clk 0:00:14]} 25. Rfd2
{[%clk 0:00:20]} c5 {[%clk 0:00:14]} 26. Rd5 {[%clk 0:00:22]} Rb4
{[%clk 0:00:14]} 27. e5 {[%clk 0:00:18]} R8b6 {[%clk 0:00:12]} 28. exd6
{[%clk 0:00:19]} Rxd6 {[%clk 0:00:09]} 29. Rxd6 {[%clk 0:00:20]} exd6
{[%clk 0:00:09]} 30. Kh2 {[%clk 0:00:18]} Rb8 {[%clk 0:00:08]} 31. Qd3
{[%clk 0:00:19]} Qe5+ {[%clk 0:00:09]} 32. g3 {[%clk 0:00:17]} Rd8
{[%clk 0:00:08]} 33. Re2 {[%clk 0:00:18]} Qf6 {[%clk 0:00:08]} 34. f4
{[%clk 0:00:19]} Kg7 {[%clk 0:00:08]} 35. Kg2 {[%clk 0:00:19]} h5
{[%clk 0:00:10]} 36. h4 {[%clk 0:00:20]} Rd7 {[%clk 0:00:10]} 37. Qd5
{[%clk 0:00:21]} Qc3 {[%clk 0:00:09]} 38. Kf2 {[%clk 0:00:16]} Qf6
{[%clk 0:00:09]} 39. Qd3 {[%clk 0:00:15]} d5 {[%clk 0:00:09]} 40. c4
{[%clk 0:00:12]} d4 {[%clk 0:00:09]} 41. Re5 {[%clk 0:00:13]} Qc6
{[%clk 0:00:07]} 42. f5 {[%clk 0:00:08]} Rd6 {[%clk 0:00:06]} 43. fxg6
{[%clk 0:00:09]} fxg6 {[%clk 0:00:05]} 44. Re7+ {[%clk 0:00:10]} Kf8
{[%clk 0:00:06]} 45. Re2 {[%clk 0:00:09]} Rf6+ 46. Ke1 Qd6 {[%clk 0:00:05]} 47.
Kd2 {[%clk 0:00:10]} Re6 {[%clk 0:00:05]} 48. Qf3+ {[%clk 0:00:11]} Kg7
{[%clk 0:00:05]} 49. Qb7+ {[%clk 0:00:12]} Kh6 {[%clk 0:00:04]} 50. Qf3
{[%clk 0:00:11]} Rxe2+ {[%clk 0:00:05]} 51. Kxe2 {[%clk 0:00:12]} Qe5+
{[%clk 0:00:06]} 52. Kd2 {[%clk 0:00:12]} Qb8 {[%clk 0:00:04]} 53. Qd3
{[%clk 0:00:12]} Kg7 {[%clk 0:00:04]} 54. Qf3 {[%clk 0:00:13]} Qb4+
{[%clk 0:00:05]} 55. Kc2 {[%clk 0:00:14]} Qb6 {[%clk 0:00:05]} 56. Kd2
{[%clk 0:00:13]} Qb4+ {[%clk 0:00:06]} 57. Kc2 {[%clk 0:00:14]} 1/2-1/2

[Event "C18"]
[Site "?"]
[Date "2016.08.10"]
[Round "19.3"]
[White "Nowak, Kamil"]
[Black "Piotrowski, Przemyslaw"]
[Result "0-1"]
[LiveChessVersion "1.4.8"]
[BlackElo "2131"]
[WhiteElo "1821"]

1. e4 {[%clk 0:03:03]} c6 {[%clk 0:03:04]} 2. d4 {[%clk 0:03:04]} g6
{[%clk 0:03:05]} 3. Nc3 {[%clk 0:03:03]} Bg7 {[%clk 0:03:06]} 4. Nf3
{[%clk 0:03:03]} d5 {[%clk 0:03:07]} 5. h3 {[%clk 0:03:05]} dxe4 {[%clk 0:03:08]}
6. Nxe4 {[%clk 0:03:05]} Nf6 {[%clk 0:03:10]} 7. Nxf6+ {[%clk 0:03:05]} exf6
{[%clk 0:03:11]} 8. Bd3 {[%clk 0:03:00]} O-O {[%clk 0:03:11]} 9. O-O
{[%clk 0:03:00]} Qc7 {[%clk 0:03:12]} 10. Be3 {[%clk 0:02:55]} Be6
{[%clk 0:03:11]} 11. Qd2 {[%clk 0:02:51]} Re8 {[%clk 0:03:10]} 12. Bf4
{[%clk 0:02:50]} Qb6 {[%clk 0:03:07]} 13. c3 {[%clk 0:02:50]} Nd7
{[%clk 0:03:06]} 14. Qc2 {[%clk 0:02:43]} c5 {[%clk 0:02:58]} 15. dxc5
{[%clk 0:02:41]} Nxc5 {[%clk 0:02:58]} 16. Be3 {[%clk 0:02:36]} Qc7
{[%clk 0:02:57]} 17. Bb5 {[%clk 0:02:36]} Bf5 {[%clk 0:02:53]} 18. Qc1
{[%clk 0:02:27]} Red8 {[%clk 0:02:52]} 19. Nd4 {[%clk 0:02:22]} Be4
{[%clk 0:02:51]} 20. Be2 {[%clk 0:02:07]} a6 {[%clk 0:02:45]} 21. Rd1
{[%clk 0:02:05]} Rac8 {[%clk 0:02:46]} 22. Bf3 {[%clk 0:02:06]} f5
{[%clk 0:02:36]} 23. Bxe4 {[%clk 0:01:55]} fxe4 {[%clk 0:02:35]} 24. Qc2
{[%clk 0:01:46]} Nd3 {[%clk 0:02:23]} 25. Qe2 {[%clk 0:01:40]} Qe7
{[%clk 0:02:11]} 26. Rd2 {[%clk 0:01:31]} f5 {[%clk 0:02:11]} 27. f3
{[%clk 0:01:16]} f4 {[%clk 0:01:52]} 28. fxe4 {[%clk 0:01:03]} fxe3
{[%clk 0:01:41]} 29. Rxd3 {[%clk 0:01:03]} Bh6 {[%clk 0:01:23]} 30. Rad1
{[%clk 0:00:52]} Qxe4 {[%clk 0:01:24]} 31. Nf3 {[%clk 0:00:53]} Qe7
{[%clk 0:01:12]} 32. Rxd8+ {[%clk 0:00:43]} Rxd8 {[%clk 0:01:13]} 33. Rxd8+
{[%clk 0:00:44]} Qxd8 {[%clk 0:01:15]} 34. Qc4+ {[%clk 0:00:46]} Kf8
{[%clk 0:00:57]} 35. Qd4 {[%clk 0:00:47]} Qxd4 {[%clk 0:00:40]} 36. Nxd4
{[%clk 0:00:48]} Ke7 {[%clk 0:00:36]} 37. Kf1 {[%clk 0:00:50]} Kd6
{[%clk 0:00:36]} 38. Ke2 {[%clk 0:00:50]} Kd5 {[%clk 0:00:36]} 39. Kd3
{[%clk 0:00:51]} Ke5 {[%clk 0:00:32]} 40. Nc2 {[%clk 0:00:50]} Kf4
{[%clk 0:00:34]} 41. Nxe3 {[%clk 0:00:43]} Kg3 {[%clk 0:00:35]} 42. c4
{[%clk 0:00:40]} a5 {[%clk 0:00:31]} 43. b3 {[%clk 0:00:38]} Bf8 {[%clk 0:00:21]}
44. Ke2 {[%clk 0:00:36]} Bc5 {[%clk 0:00:19]} 45. h4 {[%clk 0:00:17]} Kxh4
{[%clk 0:00:20]} 46. Kf3 {[%clk 0:00:19]} Bxe3 {[%clk 0:00:05]} 47. Kxe3
{[%clk 0:00:20]} Kg3 {[%clk 0:00:07]} 48. a3 {[%clk 0:00:22]} Kxg2 49. b4 axb4
{[%clk 0:00:08]} 50. axb4 {[%clk 0:00:25]} h5 {[%clk 0:00:08]} 51. b5
{[%clk 0:00:25]} h4 {[%clk 0:00:08]} 52. c5 {[%clk 0:00:27]} h3 {[%clk 0:00:08]}
53. c6 {[%clk 0:00:28]} bxc6 {[%clk 0:00:05]} 54. bxc6 {[%clk 0:00:29]} h2
{[%clk 0:00:07]} 55. c7 {[%clk 0:00:30]} h1=Q {[%clk 0:00:08]} 56. c8=Q
{[%clk 0:00:31]} Qh3+ {[%clk 0:00:05]} 57. Qxh3+ Kxh3 {[%clk 0:00:07]} 58. Kf2
{[%clk 0:00:29]} g5 {[%clk 0:00:07]} 59. Kg1 {[%clk 0:00:29]} Kg3
{[%clk 0:00:08]} 60. Kh1 {[%clk 0:00:29]} g4 {[%clk 0:00:05]} 61. Kg1
{[%clk 0:00:30]} Kf3 {[%clk 0:00:06]} 62. Kf1 {[%clk 0:00:32]} g3
{[%clk 0:00:07]} 63. Kg1 {[%clk 0:00:33]} g2 {[%clk 0:00:08]} 64. Kh2
{[%clk 0:00:30]} Ke4 0-1

[Event "C18"]
[Site "?"]
[Date "2016.08.10"]
[Round "19.4"]
[White "Molenda, Marcin"]
[Black "Buraczewski, Rafal"]
[Result "1/2-1/2"]
[LiveChessVersion "1.4.8"]
[BlackElo "1858"]
[WhiteElo "2187"]

1. d4 {[%clk 0:03:01]} d5 2. Nf3 Nf6 {[%clk 0:03:03]} 3. e3 {[%clk 0:03:05]} c5
{[%clk 0:03:03]} 4. c3 Qc7 5. Bd3 g6 6. Nbd2 Bg7 7. O-O O-O 8. Qe2 Nbd7 9. a3
{[%clk 0:02:54]} e5 {[%clk 0:02:48]} 10. dxe5 Nxe5 11. Nxe5 Qxe5 12. e4
{[%clk 0:02:29]} dxe4 13. Nxe4 Nxe4 {[%clk 0:02:06]} 14. Qxe4 {[%clk 0:02:31]}
Re8 {[%clk 0:01:41]} 15. Qxe5 Bxe5 16. Be3 b6 17. Bb5 {[%clk 0:02:13]} Rd8
{[%clk 0:01:21]} 18. Bc6 Rb8 19. Rfd1 {[%clk 0:02:11]} Be6 {[%clk 0:01:19]} 20.
Ba4 a6 21. Bc2 c4 22. Be4 b5 23. Ba7 Rxd1+ 24. Rxd1 Re8 25. Be3 Kg7 26. Bb7 a5
27. Bc6 Rc8 28. Bxb5 Rb8 29. a4 Bf5 30. Bd4 Kf6 31. Bxe5+ Kxe5 32. Rd4 Bd3 33.
Rd7 Kf6 34. f3 Re8 35. Rd6+ Re6 36. Rxe6+ Kxe6 37. Kf2 Kd5 38. Ke3 g5 39. b3 f5
40. bxc4+ Bxc4 41. Bd7 1/2-1/2

[Event "C18"]
[Site "?"]
[Date "2016.08.10"]
[Round "19.5"]
[White "Adamczewski, Maciej"]
[Black "Szostko, Jakub"]
[Result "0-1"]
[LiveChessVersion "1.4.8"]
[BlackElo "2157"]
[WhiteElo "1938"]

1. g4 {[%clk 0:03:03]} d5 {[%clk 0:03:03]} 2. Bg2 {[%clk 0:03:05]} Bxg4
{[%clk 0:03:02]} 3. c4 {[%clk 0:03:06]} c6 {[%clk 0:03:02]} 4. cxd5
{[%clk 0:03:07]} cxd5 5. Qb3 Nf6 {[%clk 0:02:51]} 6. Nc3 {[%clk 0:02:58]} e6
{[%clk 0:02:52]} 7. Qxb7 {[%clk 0:02:52]} Nbd7 {[%clk 0:02:53]} 8. d4
{[%clk 0:02:49]} Be7 9. Bf4 {[%clk 0:02:26]} O-O {[%clk 0:02:43]} 10. Qc7
{[%clk 0:02:21]} Qxc7 {[%clk 0:02:41]} 11. Bxc7 {[%clk 0:02:22]} Rfc8
{[%clk 0:02:42]} 12. Bf4 {[%clk 0:02:23]} Bb4 {[%clk 0:02:38]} 13. Rc1
{[%clk 0:02:19]} Nb6 {[%clk 0:02:37]} 14. Bf3 {[%clk 0:01:14]} Nc4
{[%clk 0:02:30]} 15. b3 {[%clk 0:01:03]} Bxf3 {[%clk 0:02:12]} 16. Nxf3
{[%clk 0:01:03]} Ne4 {[%clk 0:02:13]} 17. bxc4 {[%clk 0:00:54]} Bxc3+
{[%clk 0:02:14]} 18. Bd2 {[%clk 0:00:49]} Nxd2 {[%clk 0:02:09]} 19. Rxc3
{[%clk 0:00:44]} Nxf3+ {[%clk 0:02:04]} 20. Rxf3 {[%clk 0:00:44]} Rxc4
{[%clk 0:02:05]} 21. Rd3 Rb8 22. Kd2 {[%clk 0:00:19]} Rb2+ {[%clk 0:02:08]} 23.
Ke3 {[%clk 0:00:19]} Rcc2 {[%clk 0:02:09]} 24. Re1 {[%clk 0:00:19]} Rxa2
{[%clk 0:02:09]} 25. Rb3 {[%clk 0:00:20]} g6 {[%clk 0:02:06]} 26. Kf3
{[%clk 0:00:18]} a5 {[%clk 0:01:51]} 27. Rb8+ {[%clk 0:00:14]} Kg7
{[%clk 0:01:53]} 28. Ra8 {[%clk 0:00:14]} Ra3+ {[%clk 0:01:53]} 29. e3
{[%clk 0:00:14]} Raa2 {[%clk 0:01:54]} 30. Rf1 {[%clk 0:00:14]} a4
{[%clk 0:01:55]} 31. h4 {[%clk 0:00:07]} h5 {[%clk 0:01:56]} 0-1

[Event "C18"]
[Site "?"]
[Date "2016.08.10"]
[Round "20.1"]
[White "Jarmula, Lukasz"]
[Black "Kucza, Karol"]
[Result "1/2-1/2"]
[LiveChessVersion "1.4.8"]
[BlackElo "2184"]
[WhiteElo "2162"]

1. e4 e5 2. Nf3 Nc6 3. Bb5 a6 4. Ba4 Nf6 5. O-O Be7 6. Re1 b5 7. Bb3 d6 8. c3 O-O
9. h3 Nb8 10. d4 Nbd7 11. Nbd2 Bb7 12. Bc2 Re8 13. Nf1 Bf8 14. Ng3 g6 15. Bg5 Bg7
16. Qd2 Qc8 17. a4 c5 18. d5 c4 19. Nh4 Nc5 20. axb5 axb5 21. Rxa8 Qxa8 22. Nhf5
gxf5 23. Nxf5 Qd8 24. Bh6 Nh5 25. g4 Bc8 26. Bxg7 Bxf5 27. Bh6 Bg6 28. gxh5 Bxh5
29. Kh2 Kh8 30. Bg5 f6 31. Bh4 Rg8 32. Qh6 Bg6 33. Rg1 Nd7 34. f4 Qf8 35. Qxf8
Rxf8 36. f5 Bh5 37. Ra1 Rg8 38. Ra7 Rg7 39. Ra8+ Rg8 40. Ra7 Bf3 41. Bg3 Nc5 42.
Rc7 Nxe4 43. Bxe4 Bxe4 44. Rd7 Bxd5 45. Rxd6 Be4 46. Rxf6 Re8 47. Rf7 Bd5 48. Rd7
Bc6 49. Rc7 Bd5 50. f6 Kg8 51. Re7 Rxe7 52. fxe7 Kf7 53. Bxe5 Kxe7 54. Kg3
1/2-1/2

[Event "C18"]
[Site "?"]
[Date "2016.08.10"]
[Round "20.2"]
[White "Kanicki, Krzysztof"]
[Black "Niekras, Dawid"]
[Result "1/2-1/2"]
[LiveChessVersion "1.4.8"]
[BlackElo "2157"]
[WhiteElo "2067"]

1. d4 {[%clk 0:03:03]} Nf6 {[%clk 0:03:03]} 2. Nf3 {[%clk 0:03:04]} g6
{[%clk 0:03:04]} 3. Bf4 {[%clk 0:03:05]} Bg7 {[%clk 0:03:05]} 4. e3
{[%clk 0:03:06]} d6 {[%clk 0:03:06]} 5. Be2 {[%clk 0:02:55]} O-O {[%clk 0:03:07]}
6. Nbd2 {[%clk 0:02:49]} c5 {[%clk 0:03:08]} 7. c3 {[%clk 0:02:51]} Nc6
{[%clk 0:03:05]} 8. h3 {[%clk 0:02:52]} cxd4 {[%clk 0:03:06]} 9. exd4
{[%clk 0:02:52]} e5 {[%clk 0:03:07]} 10. dxe5 {[%clk 0:02:48]} dxe5
{[%clk 0:03:08]} 11. Nxe5 {[%clk 0:02:27]} Nd5 {[%clk 0:03:09]} 12. Nxc6
{[%clk 0:02:24]} bxc6 {[%clk 0:03:10]} 13. Bg3 {[%clk 0:02:16]} Re8
{[%clk 0:03:11]} 14. O-O {[%clk 0:02:15]} Bxc3 {[%clk 0:03:09]} 15. bxc3
{[%clk 0:01:24]} Nxc3 {[%clk 0:03:10]} 16. Qc2 {[%clk 0:01:23]} Nxe2+
{[%clk 0:03:09]} 17. Kh2 {[%clk 0:01:25]} Nxg3 {[%clk 0:02:57]} 18. fxg3
{[%clk 0:01:17]} Re2 {[%clk 0:01:19]} 19. Qc4 {[%clk 0:01:18]} Qe7
{[%clk 0:00:31]} 20. Rxf7 {[%clk 0:00:34]} Rxg2+ {[%clk 0:00:30]} 21. Kxg2
{[%clk 0:00:35]} Qxf7 {[%clk 0:00:31]} 22. Qxf7+ {[%clk 0:00:31]} Kxf7
{[%clk 0:00:32]} 23. Ne4 {[%clk 0:00:16]} Rb8 {[%clk 0:00:24]} 24. Rf1+
{[%clk 0:00:09]} Kg7 {[%clk 0:00:23]} 25. Rf2 {[%clk 0:00:09]} Be6
{[%clk 0:00:21]} 26. Kh2 {[%clk 0:00:06]} Bd5 {[%clk 0:00:22]} 27. Nc5
{[%clk 0:00:06]} Rb5 {[%clk 0:00:11]} 28. Rc2 {[%clk 0:00:07]} Rb1
{[%clk 0:00:11]} 29. g4 {[%clk 0:00:07]} g5 {[%clk 0:00:10]} 30. Nd3
{[%clk 0:00:05]} Ra1 {[%clk 0:00:07]} 31. Nb4 {[%clk 0:00:05]} Rd1
{[%clk 0:00:05]} 32. Nxd5 {[%clk 0:00:05]} cxd5 {[%clk 0:00:06]} 33. Rc7+
{[%clk 0:00:06]} Kg6 {[%clk 0:00:07]} 34. Rxa7 {[%clk 0:00:07]} Rd3
{[%clk 0:00:08]} 35. Rd7 {[%clk 0:00:06]} Rd2+ {[%clk 0:00:08]} 36. Kg3
{[%clk 0:00:07]} 1/2-1/2

[Event "C18"]
[Site "?"]
[Date "2016.08.10"]
[Round "20.3"]
[White "Piotrowski, Przemyslaw"]
[Black "Nowak, Kamil"]
[Result "1/2-1/2"]
[LiveChessVersion "1.4.8"]
[BlackElo "1821"]
[WhiteElo "2131"]

1. Nf3 {[%clk 0:03:03]} Nf6 {[%clk 0:03:04]} 2. g3 d5 3. Bg2 {[%clk 0:03:05]} Bg4
{[%clk 0:03:05]} 4. O-O {[%clk 0:03:06]} Nbd7 {[%clk 0:03:06]} 5. d4
{[%clk 0:03:07]} e6 {[%clk 0:03:05]} 6. c4 {[%clk 0:03:08]} c6 {[%clk 0:03:06]}
7. b3 {[%clk 0:03:05]} Be7 {[%clk 0:03:02]} 8. Nbd2 {[%clk 0:03:03]} O-O
{[%clk 0:03:02]} 9. Bb2 {[%clk 0:03:05]} a5 {[%clk 0:02:59]} 10. Rc1
{[%clk 0:02:56]} a4 {[%clk 0:02:58]} 11. h3 {[%clk 0:02:52]} Bh5 {[%clk 0:02:59]}
12. g4 {[%clk 0:02:46]} Bg6 {[%clk 0:03:00]} 13. Ne5 {[%clk 0:02:45]} axb3
{[%clk 0:02:59]} 14. Qxb3 {[%clk 0:02:39]} Qb6 {[%clk 0:03:00]} 15. Nxd7
{[%clk 0:02:27]} Nxd7 {[%clk 0:03:01]} 16. e4 {[%clk 0:02:28]} Qxb3
{[%clk 0:02:58]} 17. axb3 {[%clk 0:02:28]} Ra2 {[%clk 0:02:59]} 18. Bc3
{[%clk 0:02:27]} dxe4 {[%clk 0:02:43]} 19. Nxe4 {[%clk 0:02:16]} Ra3
{[%clk 0:02:36]} 20. b4 {[%clk 0:02:12]} Rfa8 {[%clk 0:02:25]} 21. Rfd1
{[%clk 0:02:07]} Nb6 {[%clk 0:02:17]} 22. Be1 {[%clk 0:01:44]} Bxe4
{[%clk 0:02:04]} 23. Bxe4 {[%clk 0:01:45]} R8a4 {[%clk 0:02:05]} 24. b5
{[%clk 0:01:38]} Rxc4 {[%clk 0:01:57]} 25. bxc6 {[%clk 0:01:38]} bxc6
{[%clk 0:01:54]} 26. Bxc6 {[%clk 0:01:35]} g6 {[%clk 0:01:38]} 27. Kg2
{[%clk 0:01:34]} Rxc1 {[%clk 0:01:38]} 28. Rxc1 {[%clk 0:01:35]} Rd3
{[%clk 0:01:39]} 29. Rb1 {[%clk 0:01:30]} Nd5 {[%clk 0:01:36]} 30. Rb8+
{[%clk 0:01:30]} Kg7 {[%clk 0:01:37]} 31. Rb7 {[%clk 0:01:19]} Bf6
{[%clk 0:01:11]} 32. Be8 {[%clk 0:01:15]} Bxd4 {[%clk 0:00:53]} 33. Rxf7+
{[%clk 0:01:13]} Kg8 {[%clk 0:00:54]} 34. Rf3 {[%clk 0:01:08]} Rxf3
{[%clk 0:00:44]} 35. Kxf3 {[%clk 0:01:07]} Kg7 {[%clk 0:00:44]} 36. Ba4
{[%clk 0:01:01]} Bc3 {[%clk 0:00:40]} 37. Bxc3+ {[%clk 0:00:55]} Nxc3
{[%clk 0:00:41]} 38. Bb3 {[%clk 0:00:55]} Nb5 {[%clk 0:00:40]} 39. Ke4
{[%clk 0:00:52]} Kf6 {[%clk 0:00:40]} 40. f4 {[%clk 0:00:50]} Nd6+
{[%clk 0:00:40]} 41. Kd4 {[%clk 0:00:51]} h6 {[%clk 0:00:42]} 42. Bc2
{[%clk 0:00:48]} Nb5+ {[%clk 0:00:38]} 43. Kc5 {[%clk 0:00:47]} Nc7
{[%clk 0:00:39]} 44. Be4 {[%clk 0:00:47]} Ne8 {[%clk 0:00:35]} 45. Kc6
{[%clk 0:00:47]} g5 {[%clk 0:00:27]} 46. f5 {[%clk 0:00:25]} exf5
{[%clk 0:00:28]} 47. Bxf5 {[%clk 0:00:27]} Ng7 {[%clk 0:00:30]} 48. Bd7
{[%clk 0:00:27]} Ne6 {[%clk 0:00:29]} 49. Kd5 {[%clk 0:00:18]} Nf4+
{[%clk 0:00:30]} 50. Ke4 {[%clk 0:00:16]} Nxh3 {[%clk 0:00:32]} 51. Kf3
{[%clk 0:00:16]} Nf4 {[%clk 0:00:32]} 52. Bc8 {[%clk 0:00:17]} Nd3
{[%clk 0:00:32]} 53. Kg3 Ne5 54. Ba6 {[%clk 0:00:16]} Ke6 {[%clk 0:00:35]} 55.
Bc8+ {[%clk 0:00:16]} Kd5 {[%clk 0:00:36]} 56. Bb7+ {[%clk 0:00:17]} Kd4
{[%clk 0:00:37]} 57. Ba8 {[%clk 0:00:16]} Ke3 {[%clk 0:00:39]} 58. Bb7
{[%clk 0:00:17]} Nc4 {[%clk 0:00:38]} 59. Bd5 {[%clk 0:00:15]} Nd2
{[%clk 0:00:39]} 60. Bb7 {[%clk 0:00:12]} Ne4+ {[%clk 0:00:40]} 61. Kh3
{[%clk 0:00:09]} Kf4 {[%clk 0:00:41]} 62. Kg2 {[%clk 0:00:08]} Nf6
{[%clk 0:00:42]} 63. Bc8 {[%clk 0:00:09]} Nxg4 {[%clk 0:00:43]} 64. Kh1
{[%clk 0:00:10]} h5 {[%clk 0:00:43]} 65. Kg2 {[%clk 0:00:12]} h4 {[%clk 0:00:44]}
66. Kh3 {[%clk 0:00:13]} Nf2+ {[%clk 0:00:44]} 67. Kg2 {[%clk 0:00:14]} Ne4
{[%clk 0:00:44]} 68. Kh3 {[%clk 0:00:16]} Nf2+ {[%clk 0:00:40]} 69. Kg2
{[%clk 0:00:17]} Ke3 {[%clk 0:00:39]} 70. Bd7 {[%clk 0:00:16]} Ne4
{[%clk 0:00:33]} 71. Bc8 {[%clk 0:00:17]} Kf4 {[%clk 0:00:32]} 72. Kh3
{[%clk 0:00:17]} Nf6 {[%clk 0:00:32]} 73. Be6 {[%clk 0:00:17]} Kf3
{[%clk 0:00:30]} 74. Bc8 {[%clk 0:00:17]} Kf4 {[%clk 0:00:17]} 75. Be6
{[%clk 0:00:17]} Ne4 {[%clk 0:00:16]} 76. Bc8 {[%clk 0:00:18]} Nf2+
{[%clk 0:00:17]} 77. Kg2 {[%clk 0:00:19]} Ng4 {[%clk 0:00:19]} 78. Kh3
{[%clk 0:00:20]} Ne5 {[%clk 0:00:15]} 79. Be6 {[%clk 0:00:20]} Ke3
{[%clk 0:00:08]} 80. Bc8 {[%clk 0:00:19]} Kf4 81. Be6 {[%clk 0:00:20]} Nd3
{[%clk 0:00:06]} 82. Bc8 {[%clk 0:00:21]} Nf2+ {[%clk 0:00:07]} 83. Kg2
{[%clk 0:00:22]} Ke3 {[%clk 0:00:07]} 84. Bd7 {[%clk 0:00:19]} g4
{[%clk 0:00:08]} 85. Bxg4 {[%clk 0:00:19]} Nxg4 {[%clk 0:00:09]} 86. Kh3
{[%clk 0:00:20]} 1/2-1/2

[Event "C18"]
[Site "?"]
[Date "2016.08.10"]
[Round "20.4"]
[White "Buraczewski, Rafal"]
[Black "Molenda, Marcin"]
[Result "1/2-1/2"]
[LiveChessVersion "1.4.8"]
[BlackElo "2187"]
[WhiteElo "1858"]

1. d4 {[%clk 0:03:03]} Nf6 {[%clk 0:03:03]} 2. Nf3 {[%clk 0:03:04]} c5
{[%clk 0:03:05]} 3. d5 {[%clk 0:03:03]} d6 {[%clk 0:03:06]} 4. Nc3
{[%clk 0:02:58]} g6 {[%clk 0:03:07]} 5. e4 {[%clk 0:02:57]} Bg7 {[%clk 0:03:09]}
6. a4 {[%clk 0:02:52]} O-O {[%clk 0:03:09]} 7. Nd2 {[%clk 0:02:50]} Qa5
{[%clk 0:02:59]} 8. Nc4 {[%clk 0:02:41]} Qc7 {[%clk 0:02:56]} 9. Bd3
{[%clk 0:02:31]} a6 {[%clk 0:02:54]} 10. a5 {[%clk 0:02:32]} Bd7 {[%clk 0:02:51]}
11. O-O {[%clk 0:02:29]} Be8 {[%clk 0:02:31]} 12. f4 {[%clk 0:02:22]} Nbd7
{[%clk 0:02:29]} 13. Re1 {[%clk 0:02:17]} b5 {[%clk 0:02:19]} 14. axb6
{[%clk 0:02:10]} Nxb6 {[%clk 0:02:20]} 15. Nxb6 {[%clk 0:01:56]} Qxb6
{[%clk 0:02:21]} 16. Qe2 {[%clk 0:01:57]} Bd7 17. Be3 {[%clk 0:01:53]} Qxb2
{[%clk 0:01:59]} 18. Na4 {[%clk 0:01:37]} Bxa4 {[%clk 0:01:56]} 19. Rxa4 Nd7
{[%clk 0:01:49]} 20. Kh1 {[%clk 0:01:27]} Rfb8 {[%clk 0:01:45]} 21. Bxa6
{[%clk 0:01:08]} Qc3 {[%clk 0:01:08]} 22. Bb5 {[%clk 0:00:54]} Rxa4
{[%clk 0:00:58]} 23. Bxa4 {[%clk 0:00:55]} Nb6 {[%clk 0:00:55]} 24. Bc6
{[%clk 0:00:56]} Nc4 {[%clk 0:00:54]} 25. Bg1 {[%clk 0:00:51]} Rb2
{[%clk 0:00:47]} 26. Rc1 {[%clk 0:00:39]} Bd4 {[%clk 0:00:28]} 27. Bxd4
{[%clk 0:00:40]} Qxd4 {[%clk 0:00:26]} 28. Re1 {[%clk 0:00:28]} Qc3
{[%clk 0:00:25]} 29. e5 {[%clk 0:00:17]} Qxc2 {[%clk 0:00:23]} 30. Qxc2
{[%clk 0:00:17]} Rxc2 {[%clk 0:00:24]} 31. exd6 {[%clk 0:00:19]} exd6
{[%clk 0:00:25]} 32. g3 {[%clk 0:00:18]} Kg7 {[%clk 0:00:21]} 33. Re7
{[%clk 0:00:19]} Rc1+ {[%clk 0:00:11]} 34. Kg2 {[%clk 0:00:19]} Rc2+
{[%clk 0:00:11]} 35. Kh3 {[%clk 0:00:20]} Rd2 {[%clk 0:00:07]} 36. Rd7
{[%clk 0:00:17]} Kf6 {[%clk 0:00:07]} 37. Bb5 {[%clk 0:00:17]} Ne3
{[%clk 0:00:07]} 38. Rxd6+ Ke7 {[%clk 0:00:08]} 39. Rd7+ {[%clk 0:00:18]} Kf8
{[%clk 0:00:09]} 40. d6 {[%clk 0:00:17]} Kg7 {[%clk 0:00:08]} 41. Re7
{[%clk 0:00:16]} Nf5 {[%clk 0:00:08]} 42. Rc7 {[%clk 0:00:04]} Rxd6
{[%clk 0:00:09]} 43. Rxc5 {[%clk 0:00:05]} Rb6 {[%clk 0:00:09]} 44. Bc4
{[%clk 0:00:06]} Rb7 {[%clk 0:00:10]} 45. Bd5 {[%clk 0:00:07]} Rd7
{[%clk 0:00:11]} 46. Be4 {[%clk 0:00:08]} Ne7 {[%clk 0:00:11]} 47. Ra5
{[%clk 0:00:09]} Rc7 {[%clk 0:00:13]} 1/2-1/2

[Event "C18"]
[Site "?"]
[Date "2016.08.10"]
[Round "20.5"]
[White "Szostko, Jakub"]
[Black "Adamczewski, Maciej"]
[Result "1/2-1/2"]
[LiveChessVersion "1.4.8"]
[BlackElo "1938"]
[WhiteElo "2157"]

1. e4 {[%clk 0:03:03]} c5 {[%clk 0:03:04]} 2. Nf3 {[%clk 0:03:04]} e6
{[%clk 0:03:05]} 3. d4 {[%clk 0:03:06]} cxd4 {[%clk 0:03:07]} 4. Nxd4
{[%clk 0:03:07]} Nc6 {[%clk 0:03:08]} 5. Nc3 {[%clk 0:03:08]} Qc7
{[%clk 0:03:10]} 6. Be2 {[%clk 0:03:09]} Nf6 {[%clk 0:03:10]} 7. O-O
{[%clk 0:03:09]} a6 {[%clk 0:03:11]} 8. Be3 {[%clk 0:03:09]} b5 {[%clk 0:03:07]}
9. Nxc6 {[%clk 0:03:10]} dxc6 {[%clk 0:03:01]} 10. f4 {[%clk 0:03:11]} Be7
{[%clk 0:02:39]} 11. e5 {[%clk 0:03:09]} Nd5 {[%clk 0:02:40]} 12. Nxd5
{[%clk 0:03:10]} cxd5 {[%clk 0:02:30]} 13. c3 {[%clk 0:03:11]} O-O
{[%clk 0:02:27]} 14. Qd4 {[%clk 0:03:08]} Bd7 {[%clk 0:02:23]} 15. Qb6
{[%clk 0:02:53]} Qxb6 {[%clk 0:02:07]} 16. Bxb6 {[%clk 0:02:54]} Rfb8
{[%clk 0:02:06]} 17. Bd4 {[%clk 0:02:36]} b4 {[%clk 0:02:07]} 18. Rab1
{[%clk 0:02:25]} a5 {[%clk 0:02:08]} 19. Rfc1 {[%clk 0:02:21]} g6
{[%clk 0:01:49]} 20. Kf2 {[%clk 0:02:15]} Kf8 {[%clk 0:01:47]} 21. Ke3
{[%clk 0:02:16]} Rb7 {[%clk 0:01:43]} 22. c4 {[%clk 0:02:14]} Bc6
{[%clk 0:01:42]} 23. Bf3 {[%clk 0:02:02]} Rd8 {[%clk 0:01:34]} 24. cxd5
{[%clk 0:01:45]} Bxd5 {[%clk 0:01:34]} 25. Bxd5 {[%clk 0:01:46]} Rxd5
{[%clk 0:01:35]} 26. Rc8+ Kg7 27. Rbc1 {[%clk 0:01:46]} Rbd7 {[%clk 0:01:37]} 28.
R1c4 {[%clk 0:01:48]} a4 {[%clk 0:01:25]} 29. b3 {[%clk 0:01:22]} axb3
{[%clk 0:01:25]} 30. axb3 {[%clk 0:01:24]} Ra5 {[%clk 0:01:22]} 31. R8c7
{[%clk 0:01:25]} Rxc7 {[%clk 0:01:04]} 32. Rxc7 {[%clk 0:01:25]} Bf8
{[%clk 0:01:02]} 33. Ra7 {[%clk 0:01:09]} Rd5 {[%clk 0:00:58]} 34. g4
{[%clk 0:00:55]} Bc5 {[%clk 0:00:56]} 35. Bxc5 Rxc5 36. Rd7 {[%clk 0:00:46]}
1/2-1/2

[Event "C18"]
[Site "?"]
[Date "2016.08.10"]
[Round "21.1"]
[White "Kucza, Karol"]
[Black "Zylka, Stanislaw"]
[Result "1-0"]
[LiveChessVersion "1.4.8"]
[BlackElo "2074"]
[WhiteElo "2184"]

1. e4 c5 2. Nf3 e6 3. d4 cxd4 4. Nxd4 Nc6 5. Nc3 Qc7 6. Be3 a6 7. Qd2 Nf6 8.
O-O-O Bb4 9. f3 Ne5 10. Nb3 b5 11. Qe1 Be7 12. f4 Ng6 13. e5 Ng4 14. Ne4 Nxe3 15.
Qxe3 O-O 16. h4 f5 17. Nd6 Bxd6 18. exd6 Qa7 19. Nd4 Bb7 20. h5 Nh8 21. h6 gxh6
22. Rxh6 Nf7 23. Rh2 Rac8 24. Qg3+ Kh8 25. Qh4 h6 26. Qf6+ Kh7 27. Bd3 Be4 28.
Bxe4 fxe4 29. f5 e5 30. Qg6+ Kh8 31. f6 1-0